[Event "GRE-chT Online Rapid (Women) 1st"]
[Site "Tornelo INT"]
[Date "2021.02.20"]
[Round "1.10"]
[White "Kappa, Elisavet"]
[Black "Daskalaki, Sofia"]
[Result "0-1"]
[WhiteElo "1070"]
[BlackElo "1529"]
[PlyCount "114"]
[EventDate "2021.02.20"]
[EventType "team-swiss (rapid)"]
[EventRounds "9"]
[EventCountry "GRE"]
[SourceTitle "EXT 2023"]
[Source "ChessBase"]
[SourceDate "2022.10.05"]
[SourceVersion "1"]
[SourceVersionDate "2022.10.05"]
[SourceQuality "1"]

1. e4 e5 2. Nf3 Nc6 3. Bb5 a6 4. Ba4 Nf6 5. 0-0 d6 6. Re1 b5 7. Bb3 Be7 8. c3 Na5 9. Bc2 c5 10. d4 Qc7 11. Qd2 0-0 12. dxe5 dxe5 13. Qe2 Bg4 14. Bg5 h6 15. Bh4 Nc4 16. b3 Nb6 17. Nbd2 Rfd8 18. Qe3 a5 19. Rad1 a4 20. Bg3 Nfd7 21. Bd3 c4 22. bxc4 bxc4 23. Be2 Bc5 24. Nd4 exd4 25. Bxc7 dxe3 26. fxe3 Bxe3+ 27. Kh1 Bxe2 28. Rxe2 Rdc8 29. Rxe3 Rxc7 30. Nf3 Nf6 31. Nd4 Re8 32. Nb5 Rd7 33. Rxd7 Nbxd7 34. Nd6 Re6 35. Nxc4 Nxe4 36. Kg1 Nec5 37. Rxe6 fxe6 38. Kf2 Kf7 39. Ke3 Kf6 40. Kd4 g6 41. Nd6 Kg5 42. Ne4+ Nxe4 43. Kxe4 Kg4 44. Ke3 Kf5 45. c4 Ke5 46. Kd3 Nc5+ 47. Ke3 g5 48. a3 h5 49. g3 g4 50. Kf2 Kd4 51. Kg2 Kxc4 52. h3 Kb3 53. hxg4 hxg4 54. Kf2 Kxa3 55. Ke3 Kb3 56. Kf4 a3 57. Kxg4 a2 0-1

[Event "GRE-chT Online Rapid (Women) 1st"]
[Site "Tornelo INT"]
[Date "2021.02.20"]
[Round "2.11"]
[White "Tsouli, Rafailia"]
[Black "Kappa, Elisavet"]
[Result "1-0"]
[WhiteElo "1319"]
[BlackElo "1070"]
[PlyCount "122"]
[EventDate "2021.02.20"]
[EventType "team-swiss (rapid)"]
[EventRounds "9"]
[EventCountry "GRE"]
[SourceTitle "EXT 2023"]
[Source "ChessBase"]
[SourceDate "2022.10.05"]
[SourceVersion "1"]
[SourceVersionDate "2022.10.05"]
[SourceQuality "1"]

1. d4 Nf6 2. c4 g6 3. Nf3 Bg7 4. Nc3 0-0 5. e4 d6 6. Be2 Bg4 7. h3 Bxf3 8. Bxf3 Nbd7 9. Be3 Nb6 10. b3 c6 11. 0-0 Nbd7 12. Qd2 Rb8 13. g4 Qc7 14. g5 Ne8 15. Ne2 b6 16. Ng3 c5 17. Rad1 cxd4 18. Bxd4 Bxd4 19. Qxd4 Ne5 20. Bg2 Ng7 21. f4 Nc6 22. Qe3 Nb4 23. a3 Nc2 24. Qc1 Qc5+ 25. Rf2 Ne3 26. Re1 Nxg2 27. Kxg2 e5 28. f5 f6 29. fxg6 hxg6 30. gxf6 Ne6 31. Ne2 Rf7 32. Qh6 Qxa3 33. Qxg6+ Kf8 34. Qh6+ Ke8 35. Qh8+ Nf8 36. Rf3 Qb4 37. Ref1 Kd7 38. Qh5 Rh7 39. Qf5+ Kc6 40. Rg3 Qd2 41. Rf2 Qh6 42. f7 Qe6 43. Qxe6 Nxe6 44. Rg8 Rxg8+ 45. fxg8Q Rg7+ 46. Qxg7 Nxg7 47. Kg3 Nh5+ 48. Kg4 Ng7 49. Kg5 Ne6+ 50. Kf6 Nd4 51. Nxd4+ exd4 52. h4 Kc5 53. h5 Kb4 54. h6 Kc3 55. h7 d3 56. h8Q d2 57. Rxd2 Kxd2 58. e5 dxe5 59. Kxe5 Kc3 60. Qb8 Kxb3 61. Qxa7 Kxc4 1-0